00532nam a2200133Ia 4500008004100000100002200041245013000063245009600193260004000289260000900329300002400338650001400362650002200376170224s9999 xx 000 0 und d aJessie De Naeghel aPromoting elementary school students' autonomous reading motivation: Effects of a teacher professional development workshop  cJessie De Naeghel, Hilde Van Keer, Maarten Vansteenkiste, Leen Haerens & Nathalie Aelterman bThe Journal of Educational Research c2016 a109: Pages: 232-252 xEducation xSpecial Education